Guess the Taylor swift song with no hints #6 - Statistics

General Stats
  • This quiz has been taken 204 times
  • The average score is 250 of 375
Answer Stats
Answer % Correct
I
99%
the
99%
you
99%
you"
99%
You
99%
a
97%
In
95%
in
95%
it
95%
it"
95%
me
95%
Me
95%
me?
95%
your
95%
of
92%
And
91%
and
91%
do
91%
love
91%
I'm
89%
"I'm
89%
when
89%
my
88%
with
88%
With
88%
is
87%
on
87%
to
86%
To
86%
all
84%
that
83%
That
83%
don't
82%
it's
82%
we
81%
"This
78%
this
78%
what
78%
know
77%
if
76%
so
75%
So
75%
for
74%
night
74%
not
74%
said
74%
but
73%
But
73%
at
72%
can
72%
Cause
72%
cause
72%
want
72%
were
71%
I've
70%
say
70%
can't
68%
there
68%
why
67%
she
66%
was
66%
had
61%
back
60%
from
59%
time
58%
up
57%
out
56%
see
56%
down
53%
need
52%
you've
51%
door
49%
look
49%
other
49%
side
49%
tell
49%
really
47%
make
46%
come
45%
couldn't
45%
even
45%
car
44%
here
44%
nothing
44%
everything
43%
eyes
43%
right
42%
"There's
41%
more
40%
"leave"
39%
leave
39%
little
39%
mad
39%
over
39%
scream
39%
rain
38%
wanted
38%
away
37%
enough"
37%
things
37%
after
36%
After
36%
stand
36%
times
35%
yeah
35%
baby
34%
black
34%
dress
34%
pourin
34%
screaming
34%
stay
34%
beautiful
32%
window
32%
lies
30%
outside
30%
pebbles
30%
throwing
30%
Wait
30%
white
30%
face
29%
again
28%
broke
28%
Going
28%
going
28%
heat
28%
mean
28%
walked
28%
mess?
27%
must
27%
alone
26%
cryin
26%
fight
26%
picture
26%
through
26%
confess
25%
conversation
25%
left
25%
called
24%
saying
24%
trying
24%
stairs
23%
carry
22%
hundred
22%
picking
22%
stupid
22%
words
22%
worth
22%
closer
21%
faded
21%
keep
20%
might
20%
pride
20%
babe
19%
remember
19%
both
18%
chase
18%
phone
18%
sittin
18%
Ignoring
16%
misread
16%
staring
16%
photographs
15%
slammin
14%
No matching quizzes found
Score Distribution
Percent of People with Each Score
Percentile by Number Answered
Your Score History
You have not taken this quiz